000 00490nam a22001457a 4500
020 _a9788131503133
050 _aTK7800
_b.R36 1999.
100 _aRashid, H. Muhammad.
245 _aMicroelectronic circuits/
_banalysis and design.
_cMuhammed H. Rashid.
260 _aIndia;
_bCengage,
_c1999.
300 _axvi,990p:
500 _aincludes table of contents, Appendix ABCD, Answers to selected problems, Index.
650 _vMicroelectronics circuits----, Analysis and design.
942 _cGEN
999 _c634
_d634